00301nam a2200109 a 4500008004100000020001500041050001800056100002200074245004800096260003800144350000900182120416s0000 ||||||||||||||||| || u a0074600907 aTJ 211.35 Deb aDeb, Satya Ranjan10aRobotics technology and flexible automation aNew DelhibTata McGraw-Hillc1994 a0.00